Multinational firms and the theory of international trade
Salvato in:
| Autore principale: | |
|---|---|
| Natura: | Libro |
| Lingua: | inglese |
| Pubblicazione: |
Cambridge
<The> MIT Press
2004
|
| Soggetti: | |
| Tags: |
Nessun Tag, puoi essere il primo ad aggiungerne!!
|
MARC
| LEADER | 00000nam a2200000 4500 | ||
|---|---|---|---|
| 001 | 0200978 | ||
| 005 | 20240312115902.6 | ||
| 020 | |a 978-0-262-63307-9 | ||
| 041 | 0 | |a eng | |
| 044 | |a GB | ||
| 245 | 1 | 0 | |a Multinational firms and the theory of international trade |c James R. Markusen |
| 264 | 1 | |a Cambridge |b <The> MIT Press |c 2004 | |
| 300 | |a 440 s. | ||
| 610 | 2 | 0 | |a firmy |
| 610 | 2 | 0 | |a podnik multinacionálny |
| 610 | 2 | 0 | |a obchod medzinárodný |
| 610 | 2 | 0 | |a teória obchodu |
| 610 | 2 | 0 | |a modely podniku |
| 610 | 2 | 0 | |a oligopoly |
| 610 | 2 | 0 | |a modelovanie ekonometrické |
| 610 | 2 | 0 | |a internacionalizácia |
| 100 | 1 | |a Markusen, James R. | |